000 01605cad a22002655a 4500
001 L159820
008 180221s1862 xxk f 000 0 eng d
035 _a(Sirsi) u159820
041 _aeng
050 _a690
245 _aDecay of stone at the Palace of Westminster
_h[electronic resource]
260 _aPhiladelphia
_bFranklin Institute
_c1862
490 _aJournal of the Franklin Institute
_vJanuary 1862, 73(3rd series v 43), 3-16(14)
520 _aThe report of the committee appointed to inquire into the decay of the stonework in the New Palace of Westminster, and into the best means of preserving the stone from further injury. The report focuses on four main points of enquiry. The extent and position of the decay. The causes to which it is attributable, taking into consideration the composition of the stone, and the influence exerted upon it by moisture and by the acids diffused in the London atmosphere. The best means of preserving the stone from further injury. The qualities of the stones to be recommended for future use in, public buildings to be erected in London.
650 _aMASONRY
650 _aSTONE CONSERVATION
650 _aSTONE DECAY
650 _aBUILT ENVIRONMENT-BUILDING MATERIALS-STONE
651 4 _aENGLAND AND WALES
690 _aCONSERVATION
856 4 0 _uhttps://archive.org/download/journalfranklini73fran/journalfranklini73fran.pdf
_zView the PDF of the report free at archive.org
856 4 0 _uhttps://archive.org/details/journalfranklini73fran
_zView the other formats of the report free at archive.org
942 _n0
948 _c04/03/1997
999 _c84996
_d84996